000 00675nam a2200289Ia 4500
005 20260324134739.0
008 008 260324s9999 xx 000 0 eng d
020 _a9780203208441
037 _aEBOOK
040 _aCRL
040 _beng
040 _cCRL
041 _2eng
041 _aeng
084 _qCRL
100 _aKate Grant
_91197994
245 0 _aSupporting Literacy
245 2 _bA Guide for Primary Classroom Assistants
260 _bTaylor and Francis
260 _c2001
365 _a
365 _b205
856 _uhttp://www.taylorfrancis.com/books/9780203208441
942 _cEBOOK
999 _c1798389
_d1798389